Catálogo público

A monograph of thñe culicidae on mosquitoes Mainly compiled from the collections received at the British Museum from various parts of the world in connection with the investigation into the cause of malarie conducted by the Colonial office and the Roya (Record no. 45462)

MARC details
000 -CABECERA
campo de control de longitud fija 01223cam a22003137a 4500
003 - IDENTIFICADOR DEL NÚMERO DE CONTROL
campo de control CHAP
005 - FECHA Y HORA DE LA ÚLTIMA TRANSACCIÓN
campo de control 20220329140016.0
008 - DATOS DE LONGITUD FIJA--INFORMACIÓN GENERAL
campo de control de longitud fija 971013s1901 r 00010 d
010 ## - NÚMERO DE CONTROL DE LA BIBLIOTECA DEL CONGRESO
Número de control de LC 45462
011 ## - ENLACE DEL NUMERO DE CONTROL DE LA BIBLIOTECA DEL CONGRESO [OBSOLETO]
Número de control de LC 46434
035 ## - NÚMERO DE CONTROL DEL SISTEMA
Número de control de sistema 50575
040 ## - FUENTE DE LA CATALOGACIÓN
Centro/agencia transcriptor CHAP
082 ## - NÚMERO DE LA CLASIFICACIÓN DECIMAL DEWEY
Número de clasificación 595.77
Número de documento/Ítem T4
100 00 - ENTRADA PRINCIPAL--NOMBRE DE PERSONA
Nombre de persona Theobald, Fred V.
9 (RLIN) 112748
245 12 - MENCIÓN DE TÍTULO
Título A monograph of thñe culicidae on mosquitoes Mainly compiled from the collections received at the British Museum from various parts of the world in connection with the investigation into the cause of malarie conducted by the Colonial office and the Roya
260 ## - PUBLICACIÓN, DISTRIBUCIÓN, ETC.
Lugar de publicación, distribución, etc. London :
Nombre del editor, distribuidor, etc. Printed by order of the Trustees,
Fecha de publicación, distribución, etc. 1901
300 ## - DESCRIPCIÓN FÍSICA
Extensión 3 v. y col de láms.
490 #0 - MENCIÓN DE SERIE
Mención de serie XXXVII,A,B,C,D,E
590 ## - NOTA LOCAL (RLIN)
Nota local BATCH-UPD
Procedencia (VM) [OBSOLETO] 10
Condición del los carretes individuales (VM) [OBSOLETO] 20130110
-- UCH01
-- 2119
590 ## - NOTA LOCAL (RLIN)
Nota local CONVERSION
Procedencia (VM) [OBSOLETO] 10
Condición del los carretes individuales (VM) [OBSOLETO] 20130109
-- UCH01
-- 1325
650 14 - PUNTO DE ACCESO ADICIONAL DE MATERIA--TÉRMINO DE MATERIA
Término de materia o nombre geográfico como elemento de entrada Mosquitos.
9 (RLIN) 79027
830 0# - PUNTO DE ACCESO ADICIONAL DE SERIE-TÍTULO UNIFORME
Título uniforme XXXVII,A,B,C,D,E
9 (RLIN) 122916
901 ## - ELEMENTOS DE DATOS A LOCAL LDA (RLIN)
a BK
942 ## - ELEMENTOS DE PUNTO DE ACCESO ADICIONAL (KOHA)
Tipo de ítem Koha Libro
949 ## - PROCESAMIENTO DE INFORMACIÓN LOCAL (OCLC)
a 595.77 T4
b BC
c BPP
d -113606
e BPP
f v.1
h 27141
i 50575
s i
949 ## - PROCESAMIENTO DE INFORMACIÓN LOCAL (OCLC)
a 595.77 T4
b BC
c BPP
d -113607
e BPP
f v.2
h 27142
i 50575
s i
949 ## - PROCESAMIENTO DE INFORMACIÓN LOCAL (OCLC)
a 595.77 T4
b BC
c BPP
d -113608
e BPP
f v.3
h 27143
i 50575
s i
949 ## - PROCESAMIENTO DE INFORMACIÓN LOCAL (OCLC)
a 595.77 T4
b BC
c BPP
d -113609
e BPP
f v.4
h 27144
i 50575
s i
Holdings
Estado de retiro Estado de pérdida Fuente del sistema de clasificación o colocación Estado dañado Restricciones de uso No para préstamo Código de colección Localización permanente Ubicación/localización actual Fecha de adquisición Información codificada de la localización en otra ubicación Total de préstamos Signatura topográfica completa Código de barras Fecha visto por última vez Número de copia Precio válido a partir de Tipo de ítem Koha
    Dewey Decimal Classification   Préstamo interno   Fondo Reservado Biblioteca Central Biblioteca Central 31/12/2019 LIBRO   595.77 T4 -113606 31/12/2019 v.1 31/12/2019 Libro
    Dewey Decimal Classification   Préstamo interno   Fondo Reservado Biblioteca Central Biblioteca Central 31/12/2019 LIBRO   595.77 T4 -113607 31/12/2019 v.2 31/12/2019 Libro
    Dewey Decimal Classification   Préstamo interno   Fondo Reservado Biblioteca Central Biblioteca Central 31/12/2019 LIBRO   595.77 T4 -113608 31/12/2019 v.3 31/12/2019 Libro
    Dewey Decimal Classification   Préstamo interno   Fondo Reservado Biblioteca Central Biblioteca Central 31/12/2019 LIBRO   595.77 T4 -113609 31/12/2019 v.4 31/12/2019 Libro